THE KARAMAZOV BROTHERS (Record no. 216824)

MARC details
000 -LEADER
fixed length control field 00481nam a22001457a 4500
008 - FIXED-LENGTH DATA ELEMENTS--GENERAL INFORMATION
fixed length control field 260311b |||||||| |||| 00| 0 eng d
020 ## - INTERNATIONAL STANDARD BOOK NUMBER
International Standard Book Number 978-1-84022-186-2
100 ## - MAIN ENTRY--PERSONAL NAME
Personal name DOSTOEVSKY, FYODOR
245 ## - TITLE STATEMENT
Title THE KARAMAZOV BROTHERS
260 ## - PUBLICATION, DISTRIBUTION, ETC.
Place of publication, distribution, etc. HERTFORDSHIRE
Name of publisher, distributor, etc. WORDSWORTH CLASSICS
Date of publication, distribution, etc. 2007
300 ## - PHYSICAL DESCRIPTION
Extent XXIV, 870P.
650 ## - SUBJECT ADDED ENTRY
Topical term or geographic name entry element 1. Fathers and sons--Fiction 2. Brothers--Fiction 3. Russia--Social life and customs--1533-1917--Fiction
942 ## - ADDED ENTRY ELEMENTS (KOHA)
Source of classification or shelving scheme Library of Congress Classification
Koha item type Long Loan Book
Holdings
Withdrawn status Lost status Source of classification or shelving scheme Damaged status Not for loan Collection Home library Current library Date acquired Inventory number Total checkouts Full call number Barcode Date last seen Copy number Price effective from Koha item type
    Library of Congress Classification     Arts & Social Sciences Kisii University Library Kisii University Library 03/11/2026 111563   PG 3326 .B7 D67 2007 a001239 03/11/2026 1 03/11/2026 Long Loan Book
    Library of Congress Classification     Arts & Social Sciences Kisii University Library Kisii University Library 03/11/2026 111564   PG 3326 .B7 D67 2007 a001237 03/11/2026 2 03/11/2026 Long Loan Book
    Library of Congress Classification     Arts & Social Sciences Kisii University Library Kisii University Library 03/11/2026 111565   PG 3326 .B7 D67 2007 a001240 03/11/2026 3 03/11/2026 Long Loan Book
    Library of Congress Classification     Arts & Social Sciences Kisii University Library Kisii University Library 03/11/2026 111566   PG 3326 .B7 D67 2007 a001238 03/11/2026 4 03/11/2026 Long Loan Book